| 000 | 00641nam a2200205Ia 4500 | ||
|---|---|---|---|
| 003 | IN-BaIIA | ||
| 008 | 211028s9999 xx 000 0 eng d | ||
| 020 | _a0-521-37165-1 | ||
| 040 | _cIIA Library | ||
| 080 |
_a92:52 _bKIL |
||
| 100 |
_aKilmister, C. W _96123 |
||
| 245 | 0 |
_aEddington's search for a fundamental theory _ba key to the universe _cC. W Kilmister |
|
| 260 |
_aCambridge _bCambridge University Press _c1994 |
||
| 300 | _axii, 256p. | ||
| 650 |
_aAstrophysics _9794 |
||
| 650 |
_aBiography _91224 |
||
| 650 |
_aEddington _920768 |
||
| 650 |
_aRelativity theory _99895 |
||
| 942 | _cBK | ||
| 999 |
_c11939 _d11939 |
||